000 00430nam a2200145Ia 4500
003 OSt
005 20260202153922.0
008 211028s2019 xx 000 0 und d
040 _cAIMIT LIBRARY
041 _aeng
100 _aCrasta, Deora;Thomas, Babu.
_g1716058
_98037
245 _aStudy on customer retention with special reference to reliance digitals Puttur /
260 _aMangalore
_bBeena Dias
_c2019
942 _2ddc
_cPRO
999 _c219605
_d219605